Rare earth frontiers : from terrestrial subsoils to lunar landscapes /

Owing to their unique magnetic, phosphorescent, and catalytic properties, rare earths are the elements that make possible teverything from the miniaturization of electronics, to the enabling of green energy and medical technologies, to supporting essential telecommunications and defense systems. An...

Full description

Bibliographic Details
Main Author: Klinger, Julie Michelle, 1983- (Author)
Corporate Author: JSTOR (Organization)
Format: eBook
Language:English
Published: Ithaca : Cornell University Press, 2017.
Subjects:
Online Access:Connect to the full text of this electronic book

MARC

Tag First Indicator Second Indicator Subfields
LEADER 00000cam a2200000 i 4500
001 in00004635111
006 m o d
007 cr |||||||||||
008 170327s2017 nyu ob 001 0 eng
005 20230103223407.1
010 |a  2017014409 
035 |a (OCoLC)ocn979994470 
040 |a DLC  |b eng  |e rda  |e pn  |c DLC  |d JSTOR  |d CUS  |d LND  |d CHVBK  |d LOA  |d U3W  |d DLC  |d UWO  |d UKKNU  |d OCLCF  |d ICN  |d UAB  |d VLB  |d OCLCQ  |d ERL  |d LVT  |d N$T  |d OCLCQ  |d BRX  |d VT2  |d U3G  |d TXR  |d UPM  |d DKC  |d CNTRU  |d OCLCQ  |d UKAHL  |d YDX  |d G3B  |d P@U  |d UX1  |d OCLCQ  |d OCLCO  |d OCLCQ 
019 |a 1048143296  |a 1048184491  |a 1048190920  |a 1122590915  |a 1135212320  |a 1175637738 
020 |a 9781501714603  |q (electronic bk.) 
020 |a 1501714600  |q (electronic bk.) 
020 |a 9781501714610  |q (electronic bk.) 
020 |a 1501714619  |q (electronic bk.) 
020 |a 9781501714597  |q (pbk. ;  |q alk. paper) 
020 |a 1501714597 
020 |z 1501714589 
020 |z 9781501714580 
035 |a (OCoLC)979994470  |z (OCoLC)1048143296  |z (OCoLC)1048184491  |z (OCoLC)1048190920  |z (OCoLC)1122590915  |z (OCoLC)1135212320  |z (OCoLC)1175637738 
037 |a 22573/ctt1w0dx6n  |b JSTOR 
037 |a 101569  |b Knowledge Unlatched 
042 |a pcc 
043 |a a-cc-im  |a s-bl--- 
050 0 0 |a TN490.A2 
072 7 |a POL023000  |2 bisacsh 
072 7 |a SOC015000  |2 bisacsh 
072 7 |a TEC026000  |2 bisacsh 
072 7 |a POL  |x 023000  |2 bisacsh 
082 0 0 |a 553.4/94  |2 23 
049 |a TXAM 
100 1 |a Klinger, Julie Michelle,  |d 1983-  |e author. 
245 1 0 |a Rare earth frontiers :  |b from terrestrial subsoils to lunar landscapes /  |c Julie Michelle Klinger. 
264 1 |a Ithaca :  |b Cornell University Press,  |c 2017. 
300 |a 1 online resource 
336 |a text  |b txt  |2 rdacontent 
337 |a computer  |b c  |2 rdamedia 
338 |a online resource  |b cr  |2 rdacarrier 
504 |a Includes bibliographical references and index. 
505 0 |a Introduction : welcome to the rare earth frontier -- What are rare earth elements? -- Placing China in the world history of discovery, production, and use -- Welcome to the hometown of rare earths : 1980-2010 -- Rude awakenings -- From the heartland to the head of the dog -- Extraglobal extraction. 
588 0 |a Print version record and CIP data provided by publisher. 
520 |a Owing to their unique magnetic, phosphorescent, and catalytic properties, rare earths are the elements that make possible teverything from the miniaturization of electronics, to the enabling of green energy and medical technologies, to supporting essential telecommunications and defense systems. An iPhone uses eight rare earths for everything from its colored screen, to its speakers, to the miniaturization of the phone?s circuitry. On the periodic table rare earth elements comprise a set of seventeen chemical elements (the fifteen lanthanides plus scandium and yttrium). There would be no Pokémon Go without rare earths. Rare Earth Frontiers is a work of human geography. Klinger looks historically and geographically at the ways rare earth elements in three discrete but representative and contested sites are given meaning. 
542 1 |f This work is licensed by Knowledge Unlatched under a Creative Commons license  |u https://creativecommons.org/licenses/by-nc-nd/4.0/legalcode 
650 0 |a Rare earth metals  |x Social aspects. 
650 0 |a Rare earth metals  |x Political aspects. 
650 0 |a Rare earth metals  |z China  |z Inner Mongolia. 
650 0 |a Rare earth metals  |z Brazil  |z Amazonas. 
650 0 |a Lunar mining. 
650 6 |a Métaux des terres rares  |x Aspect social. 
650 6 |a Métaux des terres rares  |x Aspect politique. 
650 6 |a Métaux des terres rares  |z Chine  |z Mongolie-Intérieure. 
650 6 |a Métaux des terres rares  |z Brésil  |z Amazonas. 
650 6 |a Lune  |x Exploitation minière. 
650 7 |a Earth sciences, geography, environment, planning.  |2 bicssc 
650 7 |a Economic geography.  |2 bicssc 
650 7 |a Geography.  |2 bicssc 
650 7 |a Human geography.  |2 bicssc 
650 7 |a POLITICAL SCIENCE  |x Political Economy.  |2 bisacsh 
650 7 |a Lunar mining.  |2 fast  |0 (OCoLC)fst01003709 
650 7 |a Rare earth metals.  |2 fast  |0 (OCoLC)fst01090143 
651 7 |a Brazil  |z Amazonas.  |2 fast  |0 (OCoLC)fst01209744 
651 7 |a China  |z Inner Mongolia.  |2 fast  |0 (OCoLC)fst01211883 
655 7 |a Electronic books.  |2 local 
710 2 |a JSTOR (Organization) 
776 0 8 |i Print version:  |a Klinger, Julie Michelle, 1983-  |t Rare earth frontiers.  |d Ithaca : Cornell University Press, 2017  |z 9781501714580  |w (DLC) 2017012446 
856 4 0 |u https://www.jstor.org/stable/10.7591/j.ctt1w0dd6d  |z Connect to the full text of this electronic book  |t 0 
955 |a JSTOR Open Access ebooks 
994 |a 92  |b TXA 
999 f f |s 9dd064da-e29b-4d68-9e20-e3b545c62840  |i b8bda283-df9d-45f6-986e-7c69264cec06  |t 0 
952 f f |a Texas A&M University  |b College Station  |c Electronic Resources  |d Available Online  |t 0  |e TN490.A2   |h Library of Congress classification 
998 f f |a TN490.A2   |t 0  |l Available Online